000 00711nam a22002177a 4500
999 _c9003
_d9003
001 9003
003 BD-JhCC
005 20180306195434.0
008 180306s1994 bg ||||| |||| 00| 0 ben d
035 _a(BD-JhCC) 9003
040 _aBD-JhCC
_dBD-JhCC
041 _aeng
082 _a320.533
_bGUS 1994
100 _aঘোষ, বিশ্বজিৎ
245 _aআন্তর্জাতিক ফ্যাসিবাদবিরোধী আন্দোলন /
_bবিশ্বজিৎ ঘোষ
260 _aঢাকা :
_bআগামী প্রকাশনী ,
_cGOH 1994
300 _a86. p:
_c22 cm
650 _aAnti -Fsscist Movements
_zSlovakia
942 _2ddc
_cBK